[Event "Reykjavik Open 2024"]
[Site "Reykjavik ISL"]
[Date "2024.03.21"]
[Round "9.88"]
[White "Ozbas, Burak"]
[Black "Fridjonsson, Julius"]
[Result "0-1"]
[WhiteElo "1876"]
[BlackElo "2070"]
[WhiteFideId "6323480"]
[BlackFideId "2300842"]
[EventDate "2024.03.15"]

1. e4 c5 2. Nf3 d6 3. d4 cxd4 4. Nxd4 Nf6 5. Nc3 Nc6 6. Be2 e6 7. O-O Be7 8. Be3
O-O 9. f4 Bd7 10. g4 Nxd4 11. Bxd4 Bc6 12. Bd3 e5 13. Be3 exf4 14. Bxf4 Qb6+ 15.
Kg2 d5 16. e5 d4+ 17. Kg3 dxc3 18. exf6 Bxf6 19. b3 Rad8 20. g5 Bd4 21. h4 Rfe8
22. h5 Be5 23. g6 Qe3+ 24. Kh4 Bf6+ 25. Kg4 Bd7+ 26. Bf5 Qe6 0-1

[Event "Reykjavik Open 2024"]
[Site "Reykjavik ISL"]
[Date "2024.03.21"]
[Round "9.89"]
[White "Abbott, James"]
[Black "Alic, Miran"]
[Result "1-0"]
[WhiteElo "1852"]
[BlackElo "2033"]
[WhiteFideId "2078082"]
[BlackFideId "24605425"]
[EventDate "2024.03.15"]

1. d4 d5 2. Nf3 e6 3. c4 a6 4. g3 dxc4 5. Bg2 Nc6 6. a4 Rb8 7. O-O Nf6 8. Bg5
Be7 9. e3 O-O 10. Nfd2 Na5 11. Qc2 c5 12. dxc5 Bxc5 13. Ne4 Be7 14. Rd1 Qc7 15.
Nxf6+ Bxf6 16. Bxf6 gxf6 17. b4 Nc6 18. Qxc4 Qb6 19. Qg4+ Kh8 20. Qf4 f5 21. b5
axb5 22. axb5 Qxb5 23. Bxc6 bxc6 24. Nc3 Qb4 25. Qh6 Qe7 26. Ra7 Qc5 27. Rd4 f4
28. Qf6+ Kg8 29. Rxf4 e5 30. Qg5+ Kh8 1-0

[Event "Reykjavik Open 2024"]
[Site "Reykjavik ISL"]
[Date "2024.03.21"]
[Round "9.90"]
[White "Bertola, Georges"]
[Black "Tinkler, Paul"]
[Result "1/2-1/2"]
[WhiteElo "2010"]
[BlackElo "1872"]
[WhiteFideId "1307967"]
[BlackFideId "30961289"]
[EventDate "2024.03.15"]

1. e4 e6 2. d4 d5 3. e5 c5 4. Nf3 Nc6 5. Bd3 cxd4 6. O-O Nge7 7. Bf4 Ng6 8. Bg3
Qb6 9. Nbd2 Be7 10. Nb3 Bd7 11. Re1 1/2-1/2

[Event "Reykjavik Open 2024"]
[Site "Reykjavik ISL"]
[Date "2024.03.21"]
[Round "9.91"]
[White "Carey, Michael"]
[Black "Shivika, Rohilla"]
[Result "1/2-1/2"]
[BlackTitle "WFM"]
[WhiteElo "1880"]
[BlackElo "2003"]
[WhiteFideId "30923760"]
[BlackFideId "45015414"]
[EventDate "2024.03.15"]

1. Nf3 Nf6 2. c4 e6 3. Nc3 d5 4. e3 c5 5. cxd5 Nxd5 6. Nxd5 exd5 7. d4 c4 8. Bd2
b5 9. b3 Bb7 10. a4 a6 11. axb5 axb5 12. Rxa8 Bxa8 13. bxc4 dxc4 14. Qb1 Qd5 15.
Be2 Bc6 16. O-O Nd7 17. Re1 Nf6 18. e4 Nxe4 19. Bxc4 bxc4 20. Rxe4+ Qxe4 21.
Qb8+ Kd7 22. Ne5+ Ke6 23. Qc8+ Kf6 24. Ng4+ Kg6 25. Ne5+ Kf6 26. Ng4+ Kg6 27.
Ne5+ Kf6 1/2-1/2

[Event "Reykjavik Open 2024"]
[Site "Reykjavik ISL"]
[Date "2024.03.21"]
[Round "9.92"]
[White "Pozimski, Szymon"]
[Black "Helgadottir, Idunn"]
[Result "1-0"]
[WhiteElo "1999"]
[BlackElo "1849"]
[WhiteFideId "1138855"]
[BlackFideId "2314118"]
[EventDate "2024.03.15"]

1. Nf3 c5 2. c4 g6 3. d4 Bg7 4. dxc5 Qa5+ 5. Qd2 Qxc5 6. e3 Nc6 7. Nc3 Nf6 8.
Rb1 a5 9. b3 O-O 10. Bb2 d6 11. Be2 Bf5 12. Rc1 Rac8 13. O-O Rfd8 14. Rfd1 Nb4
15. Nd4 Bg4 16. Bxg4 Nxg4 17. a3 Na6 18. Nd5 Kf8 19. b4 Qa7 20. Nb5 Qb8 21.
Bxg7+ Kxg7 22. Qd4+ Nf6 23. Nxe7 Rc7 24. Nxc7 Qxc7 25. Nd5 1-0

[Event "Reykjavik Open 2024"]
[Site "Reykjavik ISL"]
[Date "2024.03.21"]
[Round "9.93"]
[White "Jonsson, Johann"]
[Black "Bik, Wouter"]
[Result "1/2-1/2"]
[WhiteElo "1875"]
[BlackElo "1998"]
[WhiteFideId "2321688"]
[BlackFideId "1037749"]
[EventDate "2024.03.15"]

1. e4 g6 2. d4 Bg7 3. Nf3 d6 4. Nc3 a6 5. a4 b6 6. Bc4 Bb7 7. O-O e6 8. Re1 Ne7
9. Bg5 h6 10. Bh4 O-O 11. Qd2 Nd7 12. Rad1 Rc8 13. Qe2 g5 14. Bg3 Nb8 15. h3 Ng6
16. Bd3 Qe7 17. e5 d5 18. Na2 c5 19. c3 cxd4 20. cxd4 Nc6 21. Bb1 Nb4 22. Nc3 a5
23. Nh2 Nf4 24. Bxf4 gxf4 25. Nf3 f6 26. exf6 Rxf6 27. Ne5 Ba6 28. Qh5 Rff8 29.
Qg6 Rf6 30. Qh7+ Kf8 31. Ng6+ Rxg6 32. Qxg6 Re8 33. Ne2 Qg5 34. Qxg5 hxg5 35.
Bg6 Re7 36. Rc1 Bf6 37. h4 Bxe2 38. hxg5 Bxd4 39. Rxe2 e5 40. Rc8+ Kg7 41. Bf5
e4 42. Rd8 Re5 43. Rd7+ Kf8 44. Rd8+ Ke7 45. Rd7+ Ke8 46. Bh3 Rxg5 47. Kf1 Rh5
48. Rxe4+ dxe4 49. Rxd4 Re5 50. Rd6 e3 51. fxe3 fxe3 52. Re6+ Rxe6 53. Bxe6 Nd3
54. Bc4 Nxb2 55. Bb5+ Ke7 56. Ke2 Kd6 57. Kxe3 Nd1+ 58. Kd4 Ke6 59. g4 Nf2 60.
Ba6 Nh3 61. Bc8+ Kd6 62. Kc4 Ng5 63. Bf5 Nf3 1/2-1/2

[Event "Reykjavik Open 2024"]
[Site "Reykjavik ISL"]
[Date "2024.03.21"]
[Round "9.94"]
[White "Thorisson, Benedikt"]
[Black "Reynaud, Frederic"]
[Result "0-1"]
[WhiteElo "1992"]
[BlackElo "1840"]
[WhiteFideId "2314576"]
[BlackFideId "2624338"]
[EventDate "2024.03.15"]

1. e4 c6 2. Nf3 d5 3. Nc3 a6 4. d4 Bg4 5. Be3 e6 6. h3 Bh5 7. Bd3 Be7 8. O-O Nf6
9. Rc1 c5 10. exd5 Nxd5 11. Nxd5 cxd4 12. Bxd4 Qxd5 13. c4 Qxd4 14. Nxd4 Bxd1
15. Rfxd1 Bf6 16. Be4 Ra7 17. c5 O-O 18. b4 Rc8 19. Rc2 g6 20. Rcd2 Bxd4 21.
Rxd4 Nc6 22. Bxc6 Rxc6 23. Rd6 a5 24. Rxc6 bxc6 25. a3 axb4 26. axb4 Rb7 27. Rd4
e5 28. Rc4 f5 29. Kf1 Rd7 30. Ke2 Kf7 31. Rc2 Ke6 32. g3 Rd4 33. Ke3 Re4+ 34.
Kd3 Rxb4 35. Kc3 Rd4 36. Ra2 Kd5 37. Ra7 Kxc5 38. Rxh7 Rd6 39. Ra7 Kd5 40. Rg7
Ke4 41. Ra7 Kf3 42. Ra2 e4 43. g4 f4 44. Kc4 e3 45. fxe3 fxe3 46. Kc5 Rd2 47.
Ra3 Kf2 48. Kxc6 e2 49. Ra1 Rd1 50. Ra2 Kf1 51. Rxe2 Kxe2 52. h4 Kf3 53. h5 gxh5
54. gxh5 Rh1 0-1

[Event "Reykjavik Open 2024"]
[Site "Reykjavik ISL"]
[Date "2024.03.21"]
[Round "9.95"]
[White "Baldursson, Rani"]
[Black "Hauksson, Bjorgvin Jonas"]
[Result "1/2-1/2"]
[WhiteElo "1989"]
[BlackElo "1836"]
[WhiteFideId "7200668"]
[BlackFideId "2314223"]
[EventDate "2024.03.15"]

1. e4 e5 2. Nf3 Nc6 3. d4 exd4 4. Bc4 h6 5. O-O Qf6 6. e5 Qe7 7. Nxd4 Qc5 8. Nb5
Nxe5 9. Re1 d6 10. Bf1 Be7 11. Be3 Qc6 12. N1c3 Nf6 13. Nxa7 Qd7 14. Nxc8 Rxc8
15. Bd4 Qf5 16. Qe2 Nc6 17. Bxf6 gxf6 18. Qe4 Qxe4 19. Rxe4 f5 20. Rf4 Bg5 21.
Re1+ Kf8 22. Rxf5 Nd4 23. Rd5 Bd2 24. Rd1 Bxc3 25. bxc3 Ne6 26. Bc4 Ke7 27. Rf5
Rhg8 28. Re1 Rg6 29. f4 Rcg8 30. g3 Rf6 31. Rxf6 Kxf6 32. Bxe6 fxe6 1/2-1/2

[Event "Reykjavik Open 2024"]
[Site "Reykjavik ISL"]
[Date "2024.03.21"]
[Round "9.96"]
[White "Jonsson, Olafur Gisli"]
[Black "Heer, Stephan"]
[Result "0-1"]
[WhiteElo "1849"]
[BlackElo "1987"]
[WhiteFideId "2302705"]
[BlackFideId "1302345"]
[EventDate "2024.03.15"]

1. d4 Nf6 2. c4 e6 3. Nf3 c5 4. e3 d6 5. Nc3 Nbd7 6. Bd3 g6 7. O-O Bg7 8. b3 O-O
9. Bb2 a6 10. Qe2 Qc7 11. Rac1 b6 12. Rfd1 Bb7 13. Bb1 Rad8 14. e4 Qb8 15. Na4
Ba8 16. dxc5 dxc5 17. h3 Bc6 18. Nc3 Nh5 19. g3 Rde8 20. Rd3 Qb7 21. Rcd1 b5 22.
Rd6 f5 23. Ng5 Bd4 24. Kh2 f4 25. f3 fxg3+ 26. Kh1 Nf4 27. Qd2 h6 28. Rxd4 cxd4
29. cxb5 axb5 30. Nxe6 Rxe6 31. Qxd4 g2+ 32. Kh2 Ne5 0-1

[Event "Reykjavik Open 2024"]
[Site "Reykjavik ISL"]
[Date "2024.03.21"]
[Round "9.97"]
[White "Petursson, Gudni"]
[Black "Glasschroeder, Maximilian"]
[Result "1-0"]
[WhiteElo "1983"]
[BlackElo "1833"]
[WhiteFideId "2301725"]
[BlackFideId "34652590"]
[EventDate "2024.03.15"]

1. d4 Nf6 2. c4 c5 3. d5 b5 4. cxb5 a6 5. b6 d6 6. Nc3 g6 7. e4 Nbd7 8. Nf3 Bg7
9. Be2 O-O 10. O-O Qxb6 11. Nd2 a5 12. Nc4 Qb4 13. a3 Qb8 14. f4 Ba6 15. Qc2
Bxc4 16. Bxc4 Nb6 17. Bb5 Nfd7 18. Kh1 c4 19. Bc6 Ra6 20. Be3 Qc7 21. Nb5 Qc8
22. Nd4 Nb8 23. Bb5 Ra8 24. Nc6 Nxc6 25. dxc6 Rb8 26. a4 Rd8 27. Rad1 Qc7 28. h3
d5 29. Bxb6 Qxb6 30. exd5 Qc5 31. Qxc4 Qxc4 32. Bxc4 Rxb2 33. Ba6 1-0

[Event "Reykjavik Open 2024"]
[Site "Reykjavik ISL"]
[Date "2024.03.21"]
[Round "9.98"]
[White "Gurner, Jem"]
[Black "Geirsson, Kristjan"]
[Result "1-0"]
[WhiteTitle "CM"]
[WhiteElo "1968"]
[BlackElo "1819"]
[WhiteFideId "67600280"]
[BlackFideId "2313596"]
[EventDate "2024.03.15"]

1. e4 e5 2. Nf3 Nc6 3. Bb5 a6 4. Ba4 Nf6 5. d4 exd4 6. O-O Be7 7. Re1 b5 8. Bb3
d6 9. Bd5 Nxd5 10. exd5 Ne5 11. Nxd4 O-O 12. a4 b4 13. c3 Bb7 14. Nf5 Bf6 15.
cxb4 Qd7 16. Ne3 c6 17. Nc3 Rac8 18. dxc6 Bxc6 19. Ncd5 Bd8 20. b3 Qb7 21. Bb2
Bg5 22. f4 Bxf4 23. Nxf4 Qxb4 24. Nfd5 Qh4 25. Nf5 Qg5 26. Nde7+ Kh8 27. Bxe5
dxe5 28. Nxc8 Rxc8 1-0

[Event "Reykjavik Open 2024"]
[Site "Reykjavik ISL"]
[Date "2024.03.21"]
[Round "9.99"]
[White "Ragnarsson, Johann"]
[Black "Vollmar, Timo"]
[Result "0-1"]
[WhiteElo "1948"]
[BlackElo "1809"]
[WhiteFideId "2301040"]
[BlackFideId "16253582"]
[EventDate "2024.03.15"]

1. d4 d5 2. c4 e6 3. Nc3 c6 4. cxd5 exd5 5. Nf3 Nf6 6. Bg5 Be7 7. Qc2 O-O 8. e3
Re8 9. Bd3 Nbd7 10. O-O Nf8 11. h3 Ne4 12. Bxe7 Qxe7 13. Bxe4 dxe4 14. Nd2 f5
15. Rae1 Ng6 16. f3 exf3 17. Nxf3 Be6 18. e4 fxe4 19. Rxe4 Qd7 20. Rfe1 Bf7 21.
Ng5 Rxe4 22. Rxe4 Re8 23. Nxf7 Qxf7 24. Qe2 Rxe4 25. Qxe4 Qe7 26. Qxe7 Nxe7 27.
Kf2 Kf7 28. Ke3 Ke6 29. Ne4 Nd5+ 30. Kf3 Nb4 31. Ng5+ Kd5 32. Nxh7 Kxd4 33. Ng5
Kd5 34. Kf4 Nd3+ 35. Kf5 Nxb2 36. h4 Nd3 37. Nf3 c5 38. h5 c4 39. Nd2 Ne5 40. g4
b5 41. g5 a5 42. h6 gxh6 43. gxh6 Nf7 44. h7 a4 45. Kf6 Nh8 46. Nf1 b4 47. Kg7
Ke6 48. Ne3 c3 49. Kxh8 Kf7 50. Nc2 b3 51. axb3 axb3 52. Na3 b2 53. Nb1 c2 0-1

[Event "Reykjavik Open 2024"]
[Site "Reykjavik ISL"]
[Date "2024.03.21"]
[Round "9.100"]
[White "Owen, Garth I"]
[Black "Madsen, Jens Ingemann"]
[Result "0-1"]
[WhiteElo "1834"]
[BlackElo "1945"]
[WhiteFideId "10700382"]
[BlackFideId "1434993"]
[EventDate "2024.03.15"]

1. c4 e5 2. g3 d5 3. Bg2 Nf6 4. cxd5 Nxd5 5. Nc3 Nxc3 6. bxc3 Bd6 7. Rb1 c6 8.
Nf3 O-O 9. O-O Qc7 10. d4 Nd7 11. e4 Re8 12. Re1 b6 13. Qb3 c5 14. d5 c4 15. Qa4
Bb7 16. Nd2 Nc5 17. Qxc4 Ba6 18. Rb5 Bxb5 19. Qxb5 a5 20. Qe2 b5 21. Ba3 Rac8
22. Bh3 Rb8 23. Nb1 g6 24. Bc1 Na4 25. Bd2 Rb7 26. Rf1 Nb6 27. f4 exf4 28. gxf4
Nxd5 29. e5 Bf8 30. e6 f5 31. Bg2 Qc5+ 32. Kh1 Rc7 33. Qd3 Nf6 34. Be3 Qd6 35.
Bd4 Rxe6 36. Rd1 Ne4 37. Kg1 Rd7 38. Qc2 Qxf4 39. Qb3 Qd6 40. Re1 Bg7 41. Rxe4
fxe4 42. Bh3 Bxd4+ 43. Kh1 Re7 44. cxd4 Kg7 0-1

[Event "Reykjavik Open 2024"]
[Site "Reykjavik ISL"]
[Date "2024.03.21"]
[Round "9.101"]
[White "Kononova, Alina"]
[Black "Slikker, Willem"]
[Result "1-0"]
[WhiteElo "1807"]
[BlackElo "1936"]
[WhiteFideId "14137593"]
[BlackFideId "1081330"]
[EventDate "2024.03.15"]

1. e4 c5 2. Nf3 d6 3. d4 cxd4 4. Nxd4 Nf6 5. Nc3 a6 6. g3 e5 7. Nde2 b5 8. Bg2
Bb7 9. O-O b4 10. Nd5 Nxd5 11. exd5 Nd7 12. Be3 Be7 13. c4 Rc8 14. b3 O-O 15.
Qd2 a5 16. a3 bxa3 17. Rxa3 Nc5 18. Qxa5 Ra8 19. Qxd8 Rfxd8 20. Bxc5 dxc5 21.
Rfa1 Rxa3 22. Rxa3 Ra8 23. Rxa8+ Bxa8 24. Nc3 f5 25. d6 Bxg2 26. dxe7 Bc6 27.
Na4 Kf7 28. Nxc5 Kxe7 29. Kf1 Kd6 30. b4 e4 31. Ke2 g5 32. Nb3 Ba4 33. Nd2 Ke5
34. f3 Kd4 35. fxe4 fxe4 36. g4 Bc6 37. b5 Ba8 38. b6 Kc5 39. Ke3 Kxb6 40. Nxe4
h6 41. Kd4 Bc6 42. c5+ Kc7 43. Ke5 Bd7 44. Nf6 Bc8 45. Nd5+ Kb7 46. c6+ Kb8 47.
c7+ Kb7 48. h3 1-0

[Event "Reykjavik Open 2024"]
[Site "Reykjavik ISL"]
[Date "2024.03.21"]
[Round "9.102"]
[White "Hill, Andy"]
[Black "Briem, Gudrun Fanney"]
[Result "1-0"]
[WhiteElo "1926"]
[BlackElo "1806"]
[WhiteFideId "499927"]
[BlackFideId "2317486"]
[EventDate "2024.03.15"]

1. Nf3 d5 2. e3 Nf6 3. c4 e6 4. Nc3 Be7 5. b3 O-O 6. Bb2 b6 7. cxd5 exd5 8. e4
Bb7 9. Bd3 Nbd7 10. O-O c5 11. Rc1 a6 12. Ne2 Re8 13. Ng3 g6 14. Ne5 Bd6 15. f4
Rc8 16. a4 Qe7 17. Qe2 Ra8 18. Rc2 Rec8 19. Rfc1 a5 20. Bb5 Nb8 21. Qf1 Na6 1-0

[Event "Reykjavik Open 2024"]
[Site "Reykjavik ISL"]
[Date "2024.03.21"]
[Round "9.104"]
[White "Bugaj, Hanna"]
[Black "Liagre, Nicolas Gonzague Henri"]
[Result "1-0"]
[WhiteElo "1920"]
[BlackElo "1698"]
[WhiteFideId "21829870"]
[BlackFideId "6002390"]
[EventDate "2024.03.15"]

1. d4 d5 2. c4 e6 3. Nf3 c6 4. Nbd2 Nf6 5. g3 Bd6 6. Bg2 O-O 7. O-O Nbd7 8. Qc2
h6 9. c5 Bc7 10. e4 e5 11. exd5 Nxd5 12. dxe5 Nxe5 13. Nxe5 Bxe5 14. Nc4 Bc7 15.
Bd2 Be6 16. b4 a6 17. Rfe1 Qf6 18. Be4 Rfe8 19. a4 Rad8 20. Rad1 Bg4 21. Rb1 Qd4
22. Bh7+ Kh8 23. Rxe8+ Rxe8 24. Qd3 Qf6 25. Be4 Rd8 26. Qc2 Qd4 27. Re1 Nf6 28.
Nd6 Bxd6 29. Bc3 Qc4 30. cxd6 Bd1 31. Bd3 Bxc2 32. Bxc4 Rxd6 33. Be5 Rd1 34.
Rxd1 Bxd1 35. Bxf6 gxf6 36. a5 Kg7 37. f4 Bg4 38. Kf2 Kf8 39. Ke3 Be6 40. Bd3
Ke7 41. Kd4 Kd6 42. Be2 Bd5 43. Bg4 Be6 44. Be2 Bd5 45. g4 Bb3 46. h4 Bc2 47. h5
Bb1 48. Bc4 Bc2 49. Bxf7 Ke7 50. Bg6 Bd1 51. Bf5 1-0

[Event "Reykjavik Open 2024"]
[Site "Reykjavik ISL"]
[Date "2024.03.21"]
[Round "9.106"]
[White "Smits, Eduard"]
[Black "Atharva M Parulekar"]
[Result "0-1"]
[WhiteElo "1918"]
[BlackElo "1580"]
[WhiteFideId "1044184"]
[BlackFideId "35007190"]
[EventDate "2024.03.15"]

1. d4 d5 2. Nf3 Nf6 3. c4 e6 4. Nc3 c6 5. e3 Nbd7 6. Qc2 Bd6 7. Bd3 dxc4 8. Bxc4
b5 9. Be2 Bb7 10. O-O a6 11. e4 e5 12. Bg5 h6 13. Bh4 exd4 14. Nxd4 Qc7 15. Bg3
Bxg3 16. hxg3 c5 17. Nf5 O-O 18. Rad1 Rad8 19. a4 b4 20. Ne7+ Kh8 21. Ncd5 Qc6
22. Nxf6 Nxf6 23. Nd5 Nxe4 24. Qxe4 Rxd5 25. Qxd5 Qxd5 26. Rxd5 Bxd5 27. Rd1 Bb3
28. Rd7 Bxa4 29. Re7 a5 30. Re5 Ra8 31. Re7 Bb3 32. Bf3 Ra6 33. Rb7 Rd6 34. Ra7
a4 35. Rb7 Rd4 36. Kf1 Be6 37. Ke2 a3 38. bxa3 bxa3 39. Ra7 a2 40. Ke3 Rb4 41.
Ra8+ Kh7 42. Be4+ g6 43. g4 Rb1 44. Rxa2 Bxa2 45. Bxb1 Bxb1 46. Kf4 f6 47. f3
g5+ 48. Ke3 Kg6 49. f4 gxf4+ 50. Kxf4 Bc2 51. Kg3 Kg5 52. Kh3 Bd1 53. Kg3 Bxg4
54. Kf2 Kf4 55. g3+ Ke4 56. Kg2 Ke3 57. Kg1 Kf3 58. Kh2 Kf2 59. Kh1 0-1

[Event "Reykjavik Open 2024"]
[Site "Reykjavik ISL"]
[Date "2024.03.21"]
[Round "9.110"]
[White "Dietzsch, Herbert"]
[Black "Hermannsson, Sigurbjorn"]
[Result "1/2-1/2"]
[WhiteElo "1998"]
[BlackElo "1791"]
[WhiteFideId "4608364"]
[BlackFideId "2325128"]
[EventDate "2024.03.15"]

1. e4 c5 2. Nf3 d6 3. d4 cxd4 4. Nxd4 Nf6 5. Nc3 a6 6. Bc4 e6 7. Bb3 Be7 8. O-O
O-O 9. Kh1 b5 10. a3 Bb7 11. Qe2 Nbd7 12. f3 Rc8 13. Be3 Nc5 14. Rad1 Nh5 15. f4
g6 16. f5 Nxb3 17. cxb3 e5 18. Nc2 Bg5 19. Nb4 Bf4 20. Bf2 Kh8 21. Nbd5 Rg8 22.
g4 Nf6 23. Bh4 g5 24. Bf2 Bxd5 25. Nxd5 Nxd5 26. Rxd5 Rc6 27. Be1 Qc7 28. Bc3 f6
29. b4 Rg7 30. Kg2 h5 31. gxh5 Rh7 32. Qg4 Qf7 33. Rf3 Rh6 34. Rh3 Qd7 35. Rhd3
Qf7 36. Rh3 Qd7 37. Rhd3 Qf7 38. Rh3 1/2-1/2

[Event "Reykjavik Open 2024"]
[Site "Reykjavik ISL"]
[Date "2024.03.21"]
[Round "9.111"]
[White "Rajendran, Ishaan"]
[Black "Frank, Anton 2006"]
[Result "0-1"]
[WhiteElo "1806"]
[BlackElo "1996"]
[WhiteFideId "39910032"]
[BlackFideId "1752383"]
[EventDate "2024.03.15"]

1. d4 d5 2. Nf3 Nf6 3. Bf4 e6 4. e3 c5 5. c3 Nc6 6. Nbd2 cxd4 7. exd4 Nh5 8. Bg3
Nxg3 9. hxg3 g6 10. Bd3 Bg7 11. O-O O-O 12. Re1 Rb8 13. a4 a6 14. Nb3 b5 15. Nc5
Qb6 16. b4 Re8 17. a5 Qc7 18. Bf1 Ra8 19. Qb3 Bb7 20. Rad1 Rad8 21. Re2 Qc8 22.
Red2 Ba8 23. Be2 Re7 24. Kf1 Rde8 25. Nd3 f6 26. Nc5 Nd8 27. Bd3 Nf7 28. Re2 Nd6
29. Rde1 Nc4 30. Bxc4 dxc4 31. Qc2 Bd5 32. Qd2 Qc6 33. Kg1 g5 34. Ne4 h6 35. Qe3
Kf7 36. Nc5 Rh8 37. Ne4 h5 38. Qd2 Bh6 39. Qc2 Ree8 40. Qb1 g4 41. Nh4 f5 42.
Nc5 Kg7 43. Re5 Rhf8 44. Qc2 Bg5 45. Qe2 Kf7 46. Qc2 Bf6 47. R5e3 Rg8 48. Nxf5
exf5 49. Qxf5 Rxe3 50. Rxe3 Rg5 51. Qh7+ Bg7 52. Re5 Rxe5 53. dxe5 Qg6 54. e6+
Bxe6 55. Qxg6+ Kxg6 56. Nxe6 Bxc3 57. Nf4+ Kf5 58. Nd5 Bb2 59. Kf1 Ke4 60. Ne3
Kd3 61. Ke1 Bc3+ 62. Kd1 Bxb4 63. Nd5 Bxa5 64. f4 c3 0-1

[Event "Reykjavik Open 2024"]
[Site "Reykjavik ISL"]
[Date "2024.03.21"]
[Round "9.112"]
[White "Haraldsson, Haraldur"]
[Black "Zarriess, Benjamin"]
[Result "1-0"]
[WhiteElo "1991"]
[BlackElo "1798"]
[WhiteFideId "2311100"]
[BlackFideId "34606645"]
[EventDate "2024.03.15"]

1. e4 e5 2. Nf3 Nc6 3. Bc4 Nf6 4. d3 h6 5. O-O d6 6. c3 g5 7. b4 Bg7 8. Na3 O-O
9. Nc2 d5 10. exd5 Nxd5 11. Bxd5 Qxd5 12. Ne3 Qd8 13. b5 Ne7 14. d4 exd4 15.
Nxd4 c5 16. bxc6 Nxc6 17. Nxc6 bxc6 18. Qc2 Qa5 19. Bd2 Qc5 20. Rab1 Be6 21. c4
a5 22. Bc3 Bxc3 23. Qxc3 Rab8 24. a3 Rfd8 25. Rfd1 Rxb1 26. Rxb1 Ra8 27. g4 Rd8
28. Qf6 Qf8 29. Rb6 Rc8 30. Ra6 Qg7 31. Qxg7+ Kxg7 32. Rxa5 Rd8 33. h3 Rd4 34.
a4 Kg6 35. Rc5 Bd7 36. Nc2 Rd1+ 37. Kg2 Rc1 38. Nb4 Be6 39. Rxc6 Ra1 40. Ra6 Rc1
41. a5 Rxc4 42. Rb6 Rc5 43. a6 Ra5 44. Kf3 Kf6 45. Ke4 Ke7 46. Nc6+ 1-0

[Event "Reykjavik Open 2024"]
[Site "Reykjavik ISL"]
[Date "2024.03.21"]
[Round "9.113"]
[White "Cooper, Malcolm H"]
[Black "Larson, Gerald"]
[Result "0-1"]
[WhiteElo "1804"]
[BlackElo "1987"]
[WhiteFideId "469580"]
[BlackFideId "2018756"]
[EventDate "2024.03.15"]

1. d4 Nf6 2. c4 g6 3. Nc3 d5 4. Nf3 Bg7 5. Bf4 O-O 6. e3 c5 7. dxc5 Qa5 8. Qd2
dxc4 9. Ne4 Qxd2+ 10. Nexd2 c3 11. bxc3 Nbd7 12. c6 bxc6 13. Ne5 Nd5 14. Nxd7
Bxd7 15. Rc1 Bxc3 16. Bg3 Rfd8 17. Bc4 Ba5 18. Rc2 Bf5 19. Rc1 Nb6 20. Bxf7+
Kxf7 21. Rxc6 Bxd2+ 22. Ke2 0-1

[Event "Reykjavik Open 2024"]
[Site "Reykjavik ISL"]
[Date "2024.03.21"]
[Round "9.114"]
[White "Gudnyjarson, Sigurdur Pall"]
[Black "Nolsoe, Rani"]
[Result "1/2-1/2"]
[WhiteElo "1789"]
[BlackElo "1986"]
[WhiteFideId "2321637"]
[BlackFideId "7200064"]
[EventDate "2024.03.15"]

1. d4 Nf6 2. c4 g6 3. g3 Bg7 4. Bg2 O-O 5. Nc3 d6 6. Nf3 c6 7. e4 Qa5 8. O-O Bg4
9. h3 Bxf3 10. Bxf3 e5 11. d5 cxd5 12. cxd5 Nbd7 13. h4 h5 14. Bg5 Rfc8 15. Bg2
a6 16. Bh3 Rc4 17. Qe2 Qc7 18. Rfc1 b5 19. a4 Nc5 20. axb5 Nb3 21. b6 Nxc1 22.
Bxc1 Qc5 23. Be3 Rd4 24. b7 Rb8 25. Qxa6 Qc7 26. Bxd4 exd4 27. Nb5 Qxb7 28. Qxb7
Rxb7 29. Nxd6 Rxb2 30. f3 Bf8 31. Nc4 Rc2 32. Bf1 Bc5 33. Bd3 Rc3 34. Nb2 Rb3
35. Na4 Bd6 36. Rd1 Bxg3 37. Kg2 Be5 38. Be2 Nd7 39. Rd2 Rb4 40. Bd1 Kf8 41. Rb2
Rxb2+ 42. Nxb2 Bf4 43. Bc2 f6 44. Nd3 1/2-1/2

[Event "Reykjavik Open 2024"]
[Site "Reykjavik ISL"]
[Date "2024.03.21"]
[Round "9.116"]
[White "Arndt, Uwe"]
[Black "Potter, Alexander"]
[Result "1-0"]
[WhiteElo "1951"]
[BlackElo "1782"]
[WhiteFideId "24647713"]
[BlackFideId "343422594"]
[EventDate "2024.03.15"]

1. d4 Nf6 2. c4 c5 3. d5 e6 4. Nc3 exd5 5. cxd5 d6 6. Nf3 g6 7. g3 Bg7 8. Bg2
O-O 9. O-O a6 10. a4 Nbd7 11. h3 Rb8 12. a5 Re8 13. Re1 b5 14. axb6 Nxb6 15. e4
Nfd7 16. Kh2 Ne5 17. Nxe5 Bxe5 18. f4 Bg7 19. Qc2 f5 20. Bd2 Nc4 21. Ra2 Qf6 22.
Qa4 Nxd2 23. Qxe8+ Qf8 24. Qxf8+ Kxf8 25. Re2 Nb3 26. Re1 Nd4 27. Nd1 Nc2 28.
Re2 Nd4 29. Rf2 Ke7 30. Ne3 Kd8 31. Nc4 Kc7 32. e5 Rb4 33. Nxd6 Bd7 34. Rxa6 1-0

[Event "Reykjavik Open 2024"]
[Site "Reykjavik ISL"]
[Date "2024.03.21"]
[Round "9.117"]
[White "Hennig, Konrad"]
[Black "Wedenberg, Oliver"]
[Result "1/2-1/2"]
[WhiteElo "1946"]
[BlackElo "1780"]
[WhiteFideId "34622519"]
[BlackFideId "1767909"]
[EventDate "2024.03.15"]

1. d4 Nf6 2. Nf3 c5 3. d5 e6 4. Nc3 exd5 5. Bg5 d4 6. Bxf6 Qxf6 7. Nd5 Qd8 8. e4
dxe3 9. Bc4 d6 10. O-O exf2+ 11. Rxf2 Be7 12. Nxe7 Qxe7 13. Bxf7+ Kd8 14. Bc4
Kc7 15. Qd5 Nc6 16. Re1 Qd8 17. Ng5 Rf8 18. Nf7 Qd7 19. c3 b5 20. Bxb5 Bb7 21.
Qh5 Rae8 22. Rxe8 Qxe8 23. Qe2 Qxe2 24. Bxe2 Re8 25. Ng5 h6 26. Nf3 d5 27. Bb5
Kd6 28. Nh4 Re1+ 29. Rf1 Rxf1+ 30. Kxf1 Ke5 31. Ke2 Kf4 32. g3+ Kg4 33. Kf2 Ne5
34. Be2+ Kg5 35. Nf3+ Kf5 36. Nxe5 Kxe5 37. Bf3 Ba6 38. Ke3 Bb7 39. Kd2 Bc8 40.
Ke3 Be6 41. a3 c4 42. Bd1 Bd7 43. b4 cxb3 44. Bxb3 Bb5 45. Bc2 Bc6 46. Bd3 Bb7
47. Bb5 Ba8 48. Be8 Bb7 49. Bd7 Kd6 50. Be8 Ke5 1/2-1/2

[Event "Reykjavik Open 2024"]
[Site "Reykjavik ISL"]
[Date "2024.03.21"]
[Round "9.119"]
[White "Bjarnason, Kristinn"]
[Black "Osorio Ferrer, Roberto Eduardo"]
[Result "1-0"]
[WhiteElo "1934"]
[BlackElo "1776"]
[WhiteFideId "2323028"]
[BlackFideId "3964612"]
[EventDate "2024.03.15"]

1. e4 c5 2. Nf3 Nc6 3. d4 cxd4 4. Nxd4 g6 5. Nc3 Bg7 6. Be3 Nf6 7. Bc4 Qa5 8.
O-O O-O 9. Bb3 d6 10. h3 Bd7 11. Qd2 Rac8 12. Rad1 Ne5 13. Nd5 Qd8 14. Nxf6+
Bxf6 15. Qe2 Bg7 16. f4 Nc6 17. c3 a6 18. f5 Ne5 19. fxg6 hxg6 20. Rf2 b5 21.
Nf3 Nxf3+ 22. Qxf3 Be8 23. Qg4 e6 24. h4 a5 25. a3 Bf6 26. Rdf1 Bxh4 27. g3 Be7
28. Bh6 d5 29. Bxf8 Bxf8 30. Kg2 Rc7 31. exd5 f5 32. dxe6 Bc6+ 33. Kg1 Kg7 34.
Rxf5 Be8 1-0